Normal view
MARC view
Entry Topical Term
001 - CONTROL NUMBER
- control field: 331
003 - CONTROL NUMBER IDENTIFIER
- control field: OSt
005 - DATE AND TIME OF LATEST TRANSACTION
- control field: 20220902161143.0
008 - FIXED-LENGTH DATA ELEMENTS
- fixed length control field: 220902|| aca||aabn | a|a d
040 ## - CATALOGING SOURCE
- Original cataloging agency: OSt
- Transcribing agency: OSt
150 ## - HEADING--TOPICAL TERM
- Topical term or geographic name entry element: Organizational behavior
670 ## - SOURCE DATA FOUND
- Source citation: Work cat.: (OSt)8137: Phillips, Jean M. 330, Organizational behavior: tools for success. /, 2012.
